000 005600000a22001930004500
001 2190
003 CO-MdFUSB
005 20170515162221.0
008 170504b xxu||||| |||| 00| 0 eng d
020 _a978-84-236-8701-5
040 _cCO-MdBIC
082 0 4 _a863C Ar143v
100 1 _aMercè Arànega
245 1 0 _aTupi: Va al mercado
250 _a1a ed septiembre 2007
260 _aEspaña : Edebé
505 0 0 _aTupi: Y la bruja -- Es músico -- Va al mercado -- Y el muñeco de nieve -- En la granja -- Y la tortuga -- En la bañera
942 _cLGB
999 _c49336
_d49336